Normal view MARC view
  • Moreno, Hortensia

Entry Nombre Personal

Number of records used in: 3

001 - NUMERO DE CONTROL

  • campo de control: 32815

003 - IDENTIFICADOR DE NUMERO DE CONTROL

  • campo de control: MX-MxUPN

005 - FECHA Y HORA DE LA ÜLTIMA TRANSACCIÓN

  • campo de control: 20230328105248.0

008 - DATOS DE LONGITUD FIJA

  • campo de control de longitud fija: 230308n||acannaabn a aaa |d

035 ## - NUMERO DE CONTROL

  • Número de control: UPN11000004922

040 ## - FUENTE DE CATALOGACIÓN

  • Agencia original de catalogación: MX-MxUPN
  • Lenguaje de catalogación: spa
  • Agencia de transcripción: MX-MxUPN

100 1# - ENCABEZAMIENTO - NOMBRE PERSONAL

  • Nombre personal: Moreno, Hortensia

372 ## - CAMPO DE ACTIVIDAD

  • Field of activity: Feminismo

374 ## - OCUPACIÓN

  • Occupation: Profesora universitaria

377 ## - LENGUA ASOCIADA

  • Language code: spa

400 1# - VEÁSE - NOMBRE DE PERSONA

  • Personal name: Moreno Esparza, Hortensia Manuela

400 1# - VEÁSE - NOMBRE DE PERSONA

  • Personal name: Moreno Esparza, Hortensia

670 ## - FUENTE EN LA QUE SE LOCALIZARON DATOS

  • Cita de la fuente: Orden discursivo y tecnologías de género en el boxeo, 2011:
  • Información localizada: portada (Hortensia Manuela Moreno Esparza)

670 ## - FUENTE EN LA QUE SE LOCALIZARON DATOS

  • Cita de la fuente: Conceptos clave en los estudios de género, 2016:
  • Información localizada: portada (Hortensia Moreno) página 392 (Hortensia Moreno; profesora, escritora y editora feminista; es doctora en Ciencias sociales por la UAM Unidad Xochimilco)

670 ## - FUENTE EN LA QUE SE LOCALIZARON DATOS

  • Cita de la fuente: Anti-manual de la lengua española para un lenguaje no sexista, 2022:
  • Información localizada: portada (Hortensia Moreno Esparza)

902 ## - CATALOGADOR

  • Catalogador: MCM/221112

902 ## - CATALOGADOR

  • Catalogador: Víctor Ruiz/080323